000 00326pab a2200145 454500
008 180718b1997 xxu||||| |||| 00| 0 eng d
100 _aMcGee, David
245 _aTreaties - a role for Parliament?
260 _c1997
300 _ap.2-5
362 _aMar
650 _aTreaties
773 _aPublic Sector
909 _a34055
999 _c34055
_d34055